Largest 5 Cities in Each European Country - With a Map - Statistics

General Stats
  • This quiz has been taken 156 times
  • The average score is 108 of 217
Answers on the Map
Answers color-coded by a green-red scale on the quiz's map according to % correct below.
 
Answer Stats
Country Population City % Correct
Norway 697,000 Oslo
95%
Finland 656,000 Helsinki
93%
Portugal 509,000 Lisbon
93%
United Kingdom 9,047,000 London
93%
Montenegro 13,000 Bar
92%
Spain 1,664,000 Barcelona
92%
Spain 3,334,000 Madrid
92%
Russia 12,480,000 Moscow
92%
France 2,175,000 Paris
92%
Germany 3,669,000 Berlin
91%
Ireland 1,173,000 Dublin
91%
Ukraine 2,967,000 Kyiv
91%
Russia 5,398,000 Saint Petersburg
91%
Greece 3,168,000 Athens
89%
Germany 1,484,000 Munich
89%
Italy 2,808,000 Rome
89%
Denmark 1,330,000 Copenhagen
88%
United Kingdom 630,000 Glasgow
88%
France 868,000 Marseille
88%
Italy 948,000 Naples
88%
Sweden 975,000 Stockholm
88%
United Kingdom 1,160,000 Birmingham
87%
United Kingdom 586,000 Liverpool
87%
Italy 1,406,000 Milan
87%
Czech Republic 1,324,000 Prague
87%
Iceland 232,000 Reykjavik
87%
Bulgaria 1,242,000 Sofia
87%
Austria 1,921,000 Vienna
87%
Netherlands 1,114,000 Amsterdam
85%
Switzerland 134,000 Bern
85%
Hungary 1,752,000 Budapest
85%
Germany 763,000 Frankfurt
85%
Germany 1,847,000 Hamburg
85%
Estonia 437,000 Tallinn
85%
Croatia 688,000 Zagreb
85%
Luxembourg 124,000 Luxembourg
84%
France 518,000 Lyon
84%
Portugal 216,000 Porto
84%
Poland 1,790,000 Warsaw
84%
Romania 1,883,000 Bucharest
83%
Switzerland 203,000 Geneva
83%
Belarus 2,009,000 Minsk
83%
Latvia 627,000 Riga
83%
Switzerland 421,000 Zurich
83%
Serbia 1,116,000 Belgrade
81%
Slovakia 440,000 Bratislava
81%
Belgium 185,000 Brussels
81%
San Marino 2,200 San Marino
81%
Aglbania 418,000 Tirana
81%
Norway 285,000 Bergen
80%
Moldova 535,000 Chisinau
80%
Poland 779,000 Krakow
80%
Monaco 39,000 Monaco
80%
Spain 800,000 Valencia
80%
Vatican City 594 Vatican City
80%
Germany 1,087,000 Cologne
79%
Ireland 208,000 Cork
79%
Netherlands 829,000 Rotterdam
79%
Bosnia and Hercegovina 348,000 Sarajevo
79%
Netherlands 803,000 The Hague
79%
Italy 857,000 Turin
79%
Lithuania 559,000 Vilnius
79%
Sweden 583,000 Gothenburg
77%
Slovenia 288,000 Ljubljana
77%
Ukraine 1,017,000 Odessa
77%
Italy 647,000 Palermo
77%
Andorra 22,000 Andorra la Vella
76%
Belgium 529,000 Antwerp
76%
North Macedonia 509,000 Skopje
76%
Greece 806,000 Thessaloniki
76%
France 341,000 Nice
75%
Ukraine 1,443,000 Kharkiv
72%
Sweden 347,000 Malmo
72%
France 486,000 Toulouse
72%
Montenegro 150,000 Podgorica
71%
Kosovo 145,000 Pristina
71%
Austria 155,000 Salzburg
71%
Liechtenstein 5,700 Vaduz
71%
Ukraine 908,000 Donetsk
68%
Czech Republic 381,000 Brno
67%
Austria 131,000 Innsbruck
67%
Poland 679,000 Lodz
67%
Croatia 167,000 Split
67%
Norway 207,000 Trondheim
67%
Spain 681,000 Zaragoza
67%
United Kingdom 577,000 Bristol
65%
Denmark 280,000 Aarhus
64%
Russia 1,137,000 Rostov-on-Don
64%
Switzerland 173,000 Basel
63%
Spain 691,000 Sevilla
63%
Bulgaria 336,000 Varna
63%
Austria 291,000 Graz
61%
Belgium 263,000 Gent
59%
Lithuania 293,000 Kaunas
59%
Serbia 231,000 Novi Sad
59%
Netherlands 382,000 Utrecht
59%
Romania 324,000 Cluj-Napoca
57%
Ukraine 990,000 Dnipro
57%
Belgium 197,000 Liege
57%
Poland 642,000 Wroclaw
56%
Ireland 94,000 Limerick
55%
Switzerland 140,000 Lausanne
53%
Austria 206,000 Linz
53%
Finland 241,000 Tampere
53%
Ireland 79,000 Galway
52%
Denmark 180,000 Odense
52%
Finland 207,000 Oulu
52%
Sweden 233,000 Uppsala
52%
Netherlands 298,000 Eindhoven
51%
Finland 292,000 Espoo
51%
Czech Republic 287,000 Ostrava
51%
Bulgaria 347,000 Plovdiv
51%
Russia 932,629 Krasnodar
49%
Poland 534,000 Poznan
49%
Norway 144,000 Stavanger
49%
Slovakia 238,000 Kosice
48%
Denmark 117,000 Aalborg
47%
Romania 319,000 Timisoara
47%
Bulgaria 201,000 Burgas
45%
Hungary 201,000 Debrecen
45%
Croatia 128,000 Rijeka
45%
Moldova 133,000 Tiraspol
45%
Bosnia and Hercegovina 135,000 Banja Luka
44%
Belgium 202,000 Charleroi
44%
Romania 283,000 Constanta
43%
Albania 113,000 Durres
43%
Estonia 92,000 Tartu
43%
Malta 21,000 Mosta
41%
Lithuania 149,000 Klaipeda
40%
Slovenia 110,000 Maribor
40%
Serbia 183,000 Nis
40%
Ireland 53,000 Waterford
40%
Croatia 71,000 Zadar
40%
Romania 290,000 Iasi
39%
Russia 1,058,000 Voronezh
39%
Latvia 82,000 Daugavpils
37%
Liechtenstein 6,000 Schaan
37%
Greece 195,000 Patras
35%
Hungary 142,000 Pecs
35%
Czech Republic 174,000 Pilsen
35%
Bosnia and Hercegovina 60,000 Mostar
32%
Denmark 72,000 Esbjerg
29%
Hungary 160,000 Szeged
28%
Estonia 54,000 Narva
27%
Iceland 19,000 Keflavik og Njarovik
25%
Sweden 164,000 Linkoping
25%
Greece 157,000 Piraeus
25%
Iceland 19,000 Akureyri
24%
Albania 78,000 Elbasan
24%
Bulgaria 141,000 Ruse
24%
Albania 76,000 Shkoder
24%
Finland 237,000 Vantaa
24%
Moldova 97,000 Balti
23%
Luxembourg 36,000 Esch-sur-Alzette
23%
Albania 79,000 Vlore
23%
North Macedonia 71,000 Bitola
21%
Greece 144,000 Larisa
20%
Czech Republic 104,000 Liberec
20%
Latvia 68,000 Liepaja
20%
Lithuania 101,000 Siauliai
20%
Portugal 300,000 Vila Nova de Gaia
20%
Portugal 184,000 Amadora
19%
Belarus 507,000 Homiel
19%
Serbia 150,000 Kragujevac
19%
Hungary 154,000 Miskolc
19%
Estonia 39,000 Parnu
19%
Kosovo 85,000 Prizren
19%
San Marino 4,800 Serravalle
19%
North Macedonia 56,000 Tetovo
19%
Luxembourg 21,000 Dudelange
17%
Andorra 11,000 Encamp
17%
Latvia 49,000 Jurmala
17%
North Macedonia 73,000 Kumanovo
17%
Croatia 84,000 Osijek
17%
Slovakia 87,000 Presov
17%
Bosnia and Hercegovina 74,000 Tuzla
17%
Bosnia and Hercegovina 70,000 Zenica
17%
Malta 24,000 Birkirkara
16%
Slovakia 80,000 Zilina
16%
Slovakia 77,000 Banska Bystrica
15%
Slovenia 38,000 Celje
15%
Slovenia 42,000 Kranj
15%
Kosovo 46,000 Mitrovica
15%
Lithuania 84,000 Panevezys
15%
Malta 22,000 Sliema
15%
Andorra 14,000 Escaldes-Engordany
13%
Montenegro 56,000 Niksic
13%
Liechtenstein 5,300 Triesen
13%
Montenegro 13,000 Cetinje
12%
Belarus 357,000 Hrodna
12%
North Macedonia 64,000 Prilep
12%
Andorra 9,000 Saint Julia de Loria
12%
Malta 29,000 St. Paul's Bay
12%
Iceland 7,700 Akranes
11%
Latvia 56,000 Jelgava
11%
Estonia 33,000 Kohtla-Jarve
11%
Iceland 9,000 Selfoss
11%
Liechtenstein 4,600 Balzers
9%
Moldova 91,000 Bender
9%
Luxembourg 27,000 Differdange
9%
Montenegro 19,000 Pljevlja
9%
Slovenia 25,000 Velenje
9%
San Marino 2,300 Borgo Maggiore
8%
Liechtenstein 4,500 Eschen
8%
Kosovo 54,000 Gjilan
8%
Serbia 125,000 Kraljevo
8%
Luxembourg 20,000 Petange
8%
San Marino 1,000 Domagnano
7%
San Marino 1,500 Fiorentino
7%
Malta 16,000 Qormi
7%
Belarus 362,000 Viciebsk
7%
Andorra 10,000 La Massana
5%
Portugal 175,000 Matosinhos
4%
Norway 128,000 Baerum
3%
Kosovo 48,000 Peje
3%
Moldova 47,000 Rybnitsa
3%
Belarus 357,000 Mahilou
1%
No matching quizzes found
Score Distribution
Percent of People with Each Score
Percentile by Number Answered
Your Score History
You have not taken this quiz